000 00643nam a2200181Ia 4500
008 100917s9999 xx 000 0 und d
082 _b35721
100 _aमराठे प्रभाकर
245 _aधैर्य समुद्र ढवळला (भा. 4 था)
260 _bसरिता प्रकाशन
_c1978
300 _a188
365 _b17
520 _aकादंबरी
630 _aधैर्य समुद्र ढवळला (भा. 4 था)
650 _aकादंबरी
730 _aधैर्य समुद्र ढवळला (भा. 4 था)
942 _cBOOK
999 _c641115
_d641112